000
00261nam a2200109Ia 4500
008
200302s9999 xx 000 0 und d
100
_a
Manfredo Tafuri
245
_a
Modern Architecture / 2
260
_b
Faber and Faber /Electa
260
_c
1976
300
_a
425 P.,
999
_c
839
_d
839